Groupes algébriques /

Guardado en:
Autor Principal: Demazure, Michel.
Otros Autores: Gabriel, Peter, 1933-
Formato: Libro
Idioma:French
Publicado: Paris : Amsterdam : Masson ; North-Holland, 1970-
Materias:
Etiquetas: Agregar Etiqueta
Sin Etiquetas, Sea el primero en etiquetar este registro!
LEADER 00854nam a22002295a 4500
001 MAT.inmabb004596
008 840717m19709999fr#######b####001#0#fre##
005 20160802122428.0
245 1 0 |a Groupes algébriques /  |c Michel Demazure, Pierre Gabriel ; avec un appendice Corps de classes local, par Michiel Hazewinkel. 
260 |a Paris :  |b Masson ;  |a Amsterdam :  |b North-Holland,  |c 1970- 
300 |a v. ;  |c 23 cm. 
504 |a Bibliografía: v. 1, p. [xix]-xxiii. 
505 1 |a t. 1. Géométrie algébrique. Généralités. Groupes commutatifs. 
510 4 |a MR,  |c 46 #1800 
100 1 |a Demazure, Michel. 
700 1 |a Gabriel, Peter,  |d 1933- 
650 0 |a Geometry, Algebraic. 
650 0 |a Linear algebraic groups. 
084 |a 14L15 (20G35)  |2 msc2000 
010 |a  68054506  
040 |a DLC/ICU  |c ICU  |d DLC 
859 |h 14  |i D373  |p A-4313  |3 Tome 1  |b BIB. MATEMATICA